000 00321nam a2200145Ia 4500
005 20251222143250.0
008 251222s9999||||xx |||||||||||||| ||spa||
020 _a9879065484
082 _a193/W23
100 _aWant, Christopher
245 0 _aKant:
250 _a1ra.ed.
264 _bEra Naciente SRL
942 _cLIB
999 _c14938
_d14938